Where's Your Nukes? Quiz Stats

 Plays Quiz not verified by Sporcle

Also try: The Moon Quiz
Challenge
Share
Tweet
Embed
Score 0/9 Timer 08:00
0 Plays Today
Total Warheads Country % Correct
11,000Russia
96.4%
240China
91.9%
10>North Korea
91.9%
300France
87.4%
8,500United States
86.5%
80-100India
82.9%
90-110Pakistan
82%
225United Kingdom
77.5%
80Israel
72.1%

You're not logged in!

Compare scores with friends on all Sporcle quizzes.
OR
Log In

You Might Also Like...

Show Comments

Extras

Top Quizzes Today


Score Distribution

Your Account Isn't Verified!

In order to create a playlist on Sporcle, you need to verify the email address you used during registration. Go to your Sporcle Settings to finish the process.

Report this User

Report this user for behavior that violates our Community Guidelines.

Details: